Proposed South Korea-U.S. Free Trade Agreement (KORUSFTA).

Provides background on U.S.-South Korean economic relationship, and discusses proposals for South Korea-U.S. free trade agreement (FTA). Covers possible FTA structure, U.S. and South Korean interests and FTA negotiating objectives, potential economic effects, and prospects and potential implications...

Full description

Bibliographic Details
Corporate Authors: Library of Congress. Congressional Research Service, ProQuest (Firm)
Format: eBook
Language:English
Published: [Place of publication not identified] : [publisher not identified], 2006.
Series:U.S. Congressional Research.
Subjects:
Online Access:Connect to the full text of this electronic book

MARC

Tag First Indicator Second Indicator Subfields
LEADER 00000cam a22000001a 4500
001 in00003332321
006 m d f
007 cr bn mmmapmmp
008 101207s2006 dcu o f000 0 eng d
005 20260430230024.9
035 |a cis2007855027 
040 |a ProQuest  |c ProQuest  |d UtOrBLW 
043 |a n-us--- 
099 |a CRS-2006-FDT-1141 
110 2 |a Library of Congress.  |b Congressional Research Service. 
245 1 0 |a Proposed South Korea-U.S. Free Trade Agreement (KORUSFTA). 
264 1 |a [Place of publication not identified] :  |b [publisher not identified],  |c 2006. 
300 |a 1 online resource. 
336 |a text  |b txt  |2 rdacontent 
337 |a computer  |b c  |2 rdamedia 
338 |a online resource  |b cr  |2 rdacarrier 
500 |a Record is based on bibliographic data in ProQuest U.S. Congressional Research Digital Collection (last viewed Dec. 2010). Reuse except for individual research requires license from ProQuest, LLC. 
500 |a CRS Report. 
520 |a Provides background on U.S.-South Korean economic relationship, and discusses proposals for South Korea-U.S. free trade agreement (FTA). Covers possible FTA structure, U.S. and South Korean interests and FTA negotiating objectives, potential economic effects, and prospects and potential implications. 
500 |a Electronic resource. 
650 0 |a Negotiation. 
650 0 |a Commercial treaties. 
651 0 |a Korea (South) 
655 7 |a Electronic books.  |2 local 
710 2 |a ProQuest (Firm) 
776 0 8 |i Microfiche version:   |a Library of Congress. Congressional Research Service.  |t Proposed South Korea-U.S. Free Trade Agreement (KORUSFTA) 
830 0 |a U.S. Congressional Research. 
856 4 0 |u http://proxy.library.tamu.edu/login?url=https://congressional.proquest.com/congcomp/getdoc?CRDC-ID=CRS-2006-FDT-1141  |z Connect to the full text of this electronic book  |t 0 
999 |a MARS 
999 f f |s 5395d104-8676-3414-8bcd-55b6e8fdfeef  |i d982fddc-ba51-3756-8a66-81b5a53e8fe0  |t 0 
952 f f |a Texas A&M University  |b College Station  |c Electronic Resources  |s www_evans  |d Available Online  |t 0  |e CRS-2006-FDT-1141  |h Other scheme 
998 f f |a CRS-2006-FDT-1141  |t 0  |l Available Online